| 000 | 00865cam a2200253 a 4500 | ||
|---|---|---|---|
| 001 | 17700209 | ||
| 005 | 20260129050547.0 | ||
| 008 | 130416s2013 enkab b 001 0 eng d | ||
| 020 |
_a9780745652771 _q(pbk.) |
||
| 020 |
_a0745652778 _q(pbk.) |
||
| 082 | _a320.12 HAL | ||
| 100 | 1 | _aHall, Derek | |
| 245 | 1 | 0 |
_aLand / _cDerek Hall. |
| 260 |
_aCambridge : _bPolity, _c2013. |
||
| 300 |
_axi, 204 p. : _bill. ; _c21 cm. |
||
| 490 | 1 | _aResources | |
| 505 | 0 | _aIntroduction -- Interstate struggles -- Frontiers -- Land booms -- Titling and conservation -- Social movements -- Conclusion. | |
| 650 | 0 |
_aLand use _xPolitical aspects. |
|
| 650 | 0 | _aGeopolitics. | |
| 650 | 0 |
_aLand use _xSocial aspects. |
|
| 650 | 0 |
_aLand use _xEconomic aspects. |
|
| 856 | 4 | 1 |
_3Table of contents _uhttp://www.loc.gov/catdir/enhancements/fy1310/2012277259-t.html |
| 942 |
_2ddc _cBK |
||
| 999 |
_c111854 _d111854 |
||